000 00848nam a2200205Ii 4500
003 JO-AjNU
008 230605s9999||||xx |||||||||||||| ||und||
017 _a1983/4143
040 _aJO-AjNU
_bara
_erda
_cJO-AjNU
041 _aara
050 1 4 _aPJ7553 .M8988 1983
100 3 _aتاليف الموافى، محمد عبد العزيز,
_eauthor
_97444
245 0 0 _aحركة التجديد في الشعر العباسي
264 3 1 _aالقاهرة: د.ن، 1983
300 _a327ص
_b يشتمل على ببيلوجرافية من ص 315-319، أطروحة (ماجستير)- جامعة الأزهر، كلية التربية
336 _atext
_btxt
_2rdacontent
337 _aunmediated
_bn
_2rdamedia
338 _avolume
_bnc
_2rdacarrier
650 4 _aالشعر العربي - تاريخ ونقد - العصر العباسي 751-1258
_97445
999 _aA282
_c3850
_d3850